[Event "NRW U18 op"]
[Site "Olpe"]
[Date "2005.10.03"]
[Round "5.16"]
[White "Trippe, Robin"]
[Black "Bruedigam, Jannis"]
[Result "1-0"]
[WhiteElo "1723"]
[BlackElo "1335"]
[PlyCount "29"]
[EventDate "2005.10.01"]
[EventType "swiss"]
[EventRounds "7"]
[EventCountry "GER"]
[SourceTitle "CBM 108 Extra"]
[Source "ChessBase"]
[SourceDate "2005.11.04"]
[SourceVersion "1"]
[SourceVersionDate "2005.11.04"]
[SourceQuality "1"]

1. d4 d5 2. e4 dxe4 3. Nc3 Nf6 4. Bg5 Bf5 5. f3 Nc6 6. Bxf6 exf6 7. fxe4 Bg6 8. Bb5 a6 9. Bxc6+ bxc6 10. a3 f5 11. e5 f4 12. Nf3 Bh5 13. 0-0 f6 14. Qe2 fxe5 15. Qxe5+ 1-0